00358pam a2200145a 44500008004100000020002700041082001700068100001700085245002900102250001200131260003000143300001100173502000900184700001900193230405s2017 xxu||||| |||| 00| 0 eng d a9789385915796cRs. 695 a612.015bLAL aLal, Harbans aTextbook Of Biochemistry a3rd Ed. aNew DelhibCBS Pub.c2017 a614 p. atext aPandey, Rajesh